Systoles of Arithmetic Hyperbolic 2- and 3-Manifolds

Elmentve itt :
Bibliográfiai részletek
Szerzők: Heck Rainie
Linowitz Benjamin
Dokumentumtípus: Cikk
Megjelent: 2024
Sorozat:ANNALES DE LA FACULTÉ DES SCIENCES DE TOULOUSE MATHEMATIQUES 33 No. 4
Tárgyszavak:
doi:10.5802/afst.1793

mtmt:36412817
Online Access:http://publicatio.bibl.u-szeged.hu/38192
LEADER 00745nab a2200217 i 4500
001 publ38192
005 20251103153208.0
008 251103s2024 hu o 000 eng d
022 |a 0240-2963 
024 7 |a 10.5802/afst.1793  |2 doi 
024 7 |a 36412817  |2 mtmt 
040 |a SZTE Publicatio Repozitórium  |b hun 
041 |a eng 
100 1 |a Heck Rainie 
245 1 0 |a Systoles of Arithmetic Hyperbolic 2- and 3-Manifolds  |h [elektronikus dokumentum] /  |c  Heck Rainie 
260 |c 2024 
300 |a 997-1017 
490 0 |a ANNALES DE LA FACULTÉ DES SCIENCES DE TOULOUSE MATHEMATIQUES  |v 33 No. 4 
650 4 |a Matematika 
700 0 1 |a Linowitz Benjamin  |e aut 
856 4 0 |u http://publicatio.bibl.u-szeged.hu/38192/1/AFST_2024_6_33_4_997_0.pdf  |z Dokumentum-elérés